Карельский фронт в Великой Отечественной войне 1941-1945 гг.: военно-исторический очерк; Руководящий состав Карельского фронта, армий, корпусов и дивизий; Список партизанских отрядов Карельского фронта; Список воинов, которым присвоено звание Героя Советского Союза зз боевые действия на Карельском фронте; Воины Карельского фронта - полные кавалеры ордена "Славы"

Библиографические подробности
Корпоративные авторы: Академия наук СССР (АН СССР), Институт военной истории
Другие авторы: Бабин А. И. Алексей Иванович (редактор)
Примечания:Авт. указаны на обороте тит. л.
Язык:русский
Опубликовано: Москва, Наука, 1984
Содержание:Руководящий состав Карельского фронта, армий, корпусов и дивизий;
Список партизанских отрядов Карельского фронта;
Список воинов, которым присвоено звание Героя Советского Союза зз боевые действия на Карельском фронте;
Воины Карельского фронта - полные кавалеры ордена "Славы";
Предметы:
Формат: Книга
Запись в KOHA:https://koha.lib.tpu.ru/cgi-bin/koha/opac-detail.pl?biblionumber=169829

MARC

LEADER 00000nam0a2200000 4500
001 169829
005 20231031163532.0
020 |a RU  |b 84-66797 
035 |a (RuTPU)RU\TPU\book\184194 
090 |a 169829 
100 |a 20091118d1984 m y0rusy5003 ca 
101 0 |a rus 
102 |a RU 
105 |a a z 001zy 
200 1 |a Карельский фронт в Великой Отечественной войне 1941-1945 гг.  |e военно-исторический очерк  |f Академия наук СССР (АН СССР) ; Институт военной истории ; отв. ред. А. И. Бабин 
210 |a Москва  |c Наука  |d 1984 
215 |a 359 с.  |c 26 л. ил., карт.  |d 22 см 
300 |a Авт. указаны на обороте тит. л. 
320 |a Указатель имен: с. 342-351 
320 |a Указатель географических названий: с. 352-357 
464 |t Руководящий состав Карельского фронта, армий, корпусов и дивизий  |o приложение №1 
464 |t Список партизанских отрядов Карельского фронта  |o приложение №2 
464 |t Список воинов, которым присвоено звание Героя Советского Союза зз боевые действия на Карельском фронте  |o приложение №3 
464 |t Воины Карельского фронта - полные кавалеры ордена "Славы"  |o приложение №4 
610 1 |a Великая Отечественная война 1941-1945 
610 1 |a Карельский фронт 
610 1 |a военная история 
675 |a 9(С)27  |z rus 
702 1 |a Бабин  |b А. И.  |g Алексей Иванович  |4 340 
712 0 2 |a Академия наук СССР (АН СССР)  |2 stltpush  |3 (RuTPU)RU\TPU\col\722 
712 0 2 |a Институт военной истории  |2 stltpush  |3 (RuTPU)RU\TPU\col\9003 
801 0 |a RU  |b RuMRKP  |c 19950704  |g psbo 
801 1 |a RU  |b 63413507  |c 20091118 
801 2 |a RU  |b 63413507  |c 20140303  |g RCR 
942 |c BK